000 00262nam a22001217a 4500
082 _a494
_bTHI/A
100 _aTHIVARI,BHOLANADH
245 _aANUVADH VIKNJAN
260 _aDELHI
_bKITHABH KHAR PRAKASHAN
300 _a195
650 _aGRAMMAR
_zDELHI
942 _cBK
999 _c4506
_d4506